| 000 | 00597nam a2200193 a 4500 | ||
|---|---|---|---|
| 005 | 20240308063655.0 | ||
| 008 | 991125s1972 bar 000 0 spa u | ||
| 035 | _aUPN01000028532 | ||
| 049 | _aCG | ||
| 050 | 4 |
_aD16 _bS3.38 |
|
| 100 | 1 | _aSalmon, Pierre | |
| 245 | 1 | 0 |
_aHistoria y crítica : _bintroducción a la metodología histórica / _cPierre Salmon ; tr. de David Romano. |
| 260 |
_aBarcelona, Esp. : _bTeide, _c1972. |
||
| 300 | _a158 p. | ||
| 440 | 0 | _aObras básicas de formación cultural | |
| 650 | 2 |
_aHistoria _xMetodología _96995 |
|
| 650 | 4 |
_aHistoriografía _9920 |
|
| 905 | _aLibro | ||
| 999 |
_c28532 _d28532 |
||